000 00910nam a2200229Ia 4500
003 Ost
005 20260507075111.0
008 260507s9999||||xx |||||||||||||| ||und||
020 _a9771721356
040 _cfsecg
041 _aara
082 _a330
100 _aهيلبرونر، روبرت
_eمؤلف
245 0 _aالاقتصاد المبسط /
_c روبرت هيلبرونر
260 _aالقاهرة:
_bدا ر غريب للطباعة,
_c1986
300 _a279 صفحة؛
_bإيضاحات ؛
_c23 سم
504 _aببليوغرافيا:ص.279
520 _aخلفية الاقتصاد،اقتصاديات المشاكل العامة تحليل الرخاء والركود،اقتصاديات المشاكل الصغيرة تشريح نظام السوق،بقية العالم
653 _aالإقتصاد
700 _aثارو، ليستر
_eمؤلف ثانوي
942 _cكتاب
999 _c42908
_d42908